gminy powiatu skarżyskiego - Statystyki

Ogólne statystyki
  • Ten quiz został rozwiązany 92 razy
  • Średni wynik to 3 z 5
Odpowiedzi na mapie
Odpowiedzi zakodowano w zielono-czerwonej skali na mapie do tego quizu, zgodnie z poniższymi procentami.
 
Statystyki odpowiedzi
Gmina Odpowiedź % Poprawnych
miejska Skarżysko-Kamienna
86%
wiejska Skarżysko Kościelne
74%
miejsko-wiejska Suchedniów
70%
wiejska Bliżyn
54%
wiejska Łączna
42%
Nie znaleziono quizów pasujących do podanych kryteriów
Rozkład punktacji
Procent ludzi z każdym wynikiem
Percentyl według liczby udzielonych odpowiedzi
Twoja historia wyników
Nie rozwiązałeś tego quizu